| 000 | nam a22 7a 4500 | ||
|---|---|---|---|
| 999 |
_c328823 _d328823 |
||
| 003 | Nust | ||
| 005 | 20170417152431.0 | ||
| 008 | 170417b xxu||||| |||| 00| 0 eng d | ||
| 020 | _a6-02-061035-0 | ||
| 040 | _cDLC | ||
| 082 |
_a915.4042 _bLOC |
||
| 245 |
_aThe First English Man in India _cLocke J. Courtenay |
||
| 260 |
_aLondon _bJ.Jetley _c1995 |
||
| 300 |
_axvi-, 229p. : _bill. ; Maps _c23 cm |
||
| 942 |
_2ddc _cBK |
||